[Event "43. Olimpiada Batumi 2018 Femenina"]
[Site "Batumi GEO"]
[Date "2018.09.30"]
[Round "6.3"]
[White "Hamid, Rani"]
[Black "Miller, Rachel"]
[Result "1-0"]
[WhiteElo "1909"]
[BlackElo "1859"]
[PlyCount "127"]
[EventDate "2018.09.24"]
[EventType "team-swiss"]
[EventRounds "11"]
[EventCountry "GEO"]
[SourceTitle "Ajedrez en Madrid"]
[Source "lmi"]
[SourceDate "2018.09.24"]
[WhiteTeam "Bangladesh"]
[BlackTeam "Jamaica"]
[WhiteTeamCountry "BAN"]
[BlackTeamCountry "JAM"]

1. e4 e5 2. Nf3 Nc6 3. Bb5 a6 4. Ba4 Nf6 5. O-O b5 6. Bb3 Be7 7. Re1 d6 8. c3
O-O 9. h3 Na5 10. Bc2 c5 11. d4 Qc7 12. Nbd2 cxd4 13. cxd4 Nc6 14. Bb3 exd4 15.
Nf1 d3 16. Qxd3 Ne5 17. Nxe5 dxe5 18. Ng3 Bb4 19. Re2 a5 20. Bg5 a4 21. Bd1 Be7
22. Rc1 Qb7 23. Rec2 Rd8 24. Qf3 Ra7 25. Be3 Ra6 26. Rc7 Qb8 27. Rxe7 Rad6 28.
Be2 Be6 29. a3 Nd7 30. Nf5 Bxf5 31. Qxf5 Rf6 32. Qh5 Qd6 33. Rxd7 Qxd7 34. Bg5
Rd6 35. Bxd8 Qxd8 36. Bxb5 f6 37. Qg4 Qf8 38. Bxa4 Rd8 39. b4 Qd6 40. Rd1 Qe7
41. Rxd8+ Qxd8 42. Qe6+ Kh8 43. Bb3 h6 44. b5 Kh7 45. Qg8+ Qxg8 46. Bxg8+ Kxg8
47. b6 Kf7 48. b7 h5 49. b8=Q h4 50. a4 g5 51. a5 g4 52. hxg4 f5 53. exf5 h3
54. gxh3 e4 55. Qe5 e3 56. Qe6+ Kf8 57. fxe3 Kg7 58. a6 Kh7 59. a7 Kg7 60. Qg6+
Kf8 61. a8=R+ Ke7 62. Ra7+ Kf8 63. Qg7+ Ke8 64. Ra8# 1-0

[Event "43. Olimpiada Batumi 2018 Femenina"]
[Site "Batumi GEO"]
[Date "2018.09.30"]
[Round "6.4"]
[White "Williams, Margoe"]
[Black "Sultana, Zakia"]
[Result "1/2-1/2"]
[WhiteElo "1617"]
[BlackElo "1838"]
[PlyCount "104"]
[EventDate "2018.09.24"]
[EventType "team-swiss"]
[EventRounds "11"]
[EventCountry "GEO"]
[SourceTitle "Ajedrez en Madrid"]
[Source "lmi"]
[SourceDate "2018.09.24"]
[WhiteTeam "Jamaica"]
[BlackTeam "Bangladesh"]
[WhiteTeamCountry "JAM"]
[BlackTeamCountry "BAN"]

1. d4 d5 2. Bf4 e6 3. e3 Nf6 4. c3 Bd6 5. Bg3 b6 6. Bd3 Bb7 7. Nf3 h6 8. Nbd2
Nbd7 9. Ne5 a6 10. Qe2 Bxe5 11. dxe5 Ne4 12. f4 Ndc5 13. Bc2 g6 14. O-O-O Qe7
15. Nf3 O-O-O 16. Nd4 h5 17. Rhf1 Kb8 18. Bxe4 dxe4 19. Rd2 Nd3+ 20. Kb1 c5 21.
Nb3 Rd7 22. Rfd1 Rhd8 23. Nc1 c4 24. Qf1 b5 25. Ne2 b4 26. cxb4 Qxb4 27. Nc3
Rc8 28. Rc2 Bc6 29. a3 Qb3 30. Rdd2 Rb7 31. Ka1 Ka8 32. Bh4 Rcb8 33. Qb1 a5 34.
Qa2 a4 35. h3 Rc8 36. Bg3 Rd7 37. Bh4 Rb8 38. Bg3 Rb6 39. Bh4 Rb8 40. Bg3 Nc1
41. Qb1 Rxd2 42. Rxd2 Nd3 43. Qc2 Nc5 44. Nd1 Qb5 45. Rd6 Nb3+ 46. Ka2 Qc5 47.
Be1 Bd5 48. Bb4 Qa7 49. Qc3 Rc8 50. Nf2 Qb7 51. Nh1 Qb5 52. Ng3 Kb7 1/2-1/2

[Event "43. Olimpiada Batumi 2018 Femenina"]
[Site "Batumi GEO"]
[Date "2018.09.30"]
[Round "6.1"]
[White "Mezioud, Amina"]
[Black "Nouman, Amna"]
[Result "0-1"]
[WhiteElo "2056"]
[BlackElo "1909"]
[PlyCount "168"]
[EventDate "2018.09.24"]
[EventType "team-swiss"]
[EventRounds "11"]
[EventCountry "GEO"]
[SourceTitle "Ajedrez en Madrid"]
[Source "lmi"]
[SourceDate "2018.09.24"]
[WhiteTeam "Algeria"]
[BlackTeam "United Arab Emirates"]
[WhiteTeamCountry "ALG"]
[BlackTeamCountry "UAE"]

1. e4 e5 2. Nf3 Nc6 3. Bc4 Bc5 4. d3 d6 5. c3 Nf6 6. O-O O-O 7. Bb3 h6 8. Nbd2
a6 9. Nc4 Ba7 10. Ne3 Be6 11. Bc2 d5 12. Qe2 Re8 13. Rd1 d4 14. Nf1 Qd6 15. h3
b5 16. Ng3 Qd7 17. Kh2 Qd6 18. Bb3 a5 19. Nh4 a4 20. Bxe6 fxe6 21. Bd2 Rf8 22.
Rf1 dxc3 23. bxc3 Rad8 24. Ng6 Rf7 25. Be3 Kh7 26. Bxa7 Kxg6 27. Be3 Qxd3 28.
Qxd3 Rxd3 29. Rab1 Rxc3 30. Rxb5 Nxe4 31. Nxe4 Rxe3 32. fxe3 Rxf1 33. Rc5 Nb4
34. a3 Nd5 35. Rc4 Nb6 36. Rxc7 Ra1 37. Rc3 Nd5 38. Rd3 Re1 39. Nc5 Rxe3 40.
Rxe3 Nxe3 41. Nxa4 Nc4 42. Nc5 Nxa3 43. Nxe6 Kf6 44. Nc5 Kf5 45. g4+ Kf6 46.
Kg3 Nb5 47. h4 Nd6 48. Kf3 Ke7 49. Ke3 g6 50. Kf3 h5 51. g5 Nf5 52. Ke4 Nxh4
53. Kxe5 Nf3+ 54. Kf4 Nd4 55. Ke5 Nf3+ 56. Kf4 Nd2 57. Ke5 Nc4+ 58. Kf4 Nd6 59.
Ke5 Nf7+ 60. Kf4 Nd8 61. Ke5 Nf7+ 62. Kf4 Nd6 63. Ke5 Nf5 64. Kf4 Nd4 65. Ke5
Ne2 66. Nd3 Kf7 67. Nf2 Ng1 68. Nd3 Nh3 69. Ne1 Nxg5 70. Ng2 Nh3 71. Ne3 Kg7
72. Ng2 Nf2 73. Ne3 Kh6 74. Kf4 g5+ 75. Kf3 Nd3 76. Ke4 Nc5+ 77. Kf5 Nd7 78.
Nc4 h4 79. Nd6 Kh5 80. Ne4 h3 81. Nf2 h2 82. Ke4 g4 83. Kf4 Kh4 84. Nh1 Kh3 0-1

[Event "43. Olimpiada Batumi 2018 Femenina"]
[Site "Batumi GEO"]
[Date "2018.09.30"]
[Round "6.2"]
[White "Al Maamari, Wafia Darwish"]
[Black "Latreche, Sabrina"]
[Result "0-1"]
[WhiteElo "1774"]
[BlackElo "2056"]
[PlyCount "98"]
[EventDate "2018.09.24"]
[EventType "team-swiss"]
[EventRounds "11"]
[EventCountry "GEO"]
[SourceTitle "Ajedrez en Madrid"]
[Source "lmi"]
[SourceDate "2018.09.24"]
[WhiteTeam "United Arab Emirates"]
[BlackTeam "Algeria"]
[WhiteTeamCountry "UAE"]
[BlackTeamCountry "ALG"]

1. e4 b6 2. d4 Bb7 3. Nc3 e6 4. f4 Bb4 5. Bd3 Nf6 6. Qe2 c5 7. dxc5 bxc5 8. Bd2
c4 9. Bxc4 Bxc3 10. Bxc3 Nxe4 11. Qg4 Rg8 12. Ne2 Qb6 13. Qh4 Nxc3 14. bxc3 h6
15. Qf2 Qc6 16. Bd3 Qxg2 17. Qxg2 Bxg2 18. Rg1 Bc6 19. Nd4 Ke7 20. O-O-O a5 21.
Bh7 Rh8 22. Rxg7 Bd5 23. Bg8 Nc6 24. Bxf7 Nxd4 25. cxd4 Raf8 26. Bh5+ Kd6 27.
Rd3 Rxf4 28. Ra3 Rxd4 29. Rxa5 Rh4 30. Ra6+ Ke5 31. Bd1 Bc6 32. Ra5+ Kf6 33.
Rg4 Rxh2 34. Rf4+ Ke7 35. Rh5 Rxh5 36. Bxh5 Ra8 37. Rf7+ Kd6 38. Rh7 Rxa2 39.
Rxh6 Ra1+ 40. Kd2 Rh1 41. Ke3 Rh2 42. c4 Rh3+ 43. Kf4 Bf3 44. Rxe6+ dxe6 45.
Bxf3 Rh4+ 46. Bg4 Kc5 47. Kg5 Rxg4+ 48. Kxg4 Kxc4 49. Kf4 Kd4 0-1

[Event "43. Olimpiada Batumi 2018 Femenina"]
[Site "Batumi GEO"]
[Date "2018.09.30"]
[Round "6.3"]
[White "Toubal, Hayat"]
[Black "Mariam, Essa"]
[Result "1-0"]
[WhiteElo "1862"]
[BlackElo "1460"]
[PlyCount "119"]
[EventDate "2018.09.24"]
[EventType "team-swiss"]
[EventRounds "11"]
[EventCountry "GEO"]
[SourceTitle "Ajedrez en Madrid"]
[Source "lmi"]
[SourceDate "2018.09.24"]
[WhiteTeam "Algeria"]
[BlackTeam "United Arab Emirates"]
[WhiteTeamCountry "ALG"]
[BlackTeamCountry "UAE"]

1. d4 d5 2. Nf3 e6 3. Bf4 c5 4. c3 Nf6 5. e3 Qb6 6. Qb3 c4 7. Qc2 Bd6 8. Nbd2
Bxf4 9. exf4 Qc7 10. g3 O-O 11. Bg2 Nc6 12. O-O Rb8 13. Rfc1 b5 14. b4 Ne8 15.
Ng5 f5 16. Re1 Qd6 17. Qd1 h6 18. Ngf3 Nf6 19. Ne5 Ne4 20. Nxe4 fxe4 21. f3 e3
22. Nxc6 Qxc6 23. Rxe3 Bd7 24. Bh3 h5 25. Re5 h4 26. Qe2 hxg3 27. hxg3 Rf6 28.
Kg2 Rbf8 29. Bg4 Rh6 30. Rh5 Rxh5 31. Bxh5 Be8 32. Bg4 Rf6 33. Re1 Bf7 34. Rh1
Bg6 35. Qe5 Qa6 36. Qe2 Bd3 37. Qb2 Rg6 38. Ra1 Qd6 39. a4 a6 40. axb5 axb5 41.
Ra8+ Kh7 42. Qa1 Be4 43. fxe4 Rxg4 44. Qh1+ Kg6 45. Kf3 dxe4+ 46. Kxg4 Qd5 47.
Rh8 Qf5+ 48. Kh4 e3 49. Qf3 Qf6+ 50. Kh3 Kf7 51. Qxe3 Qf5+ 52. Kg2 Qc2+ 53. Kf3
Qd1+ 54. Qe2 Qa1 55. Qc2 Qa6 56. Rh2 Qa8+ 57. Ke3 Qa1 58. Kf2 Kf6 59. Rh5 Qa7
60. Rxb5 1-0

[Event "43. Olimpiada Batumi 2018 Femenina"]
[Site "Batumi GEO"]
[Date "2018.09.30"]
[Round "6.4"]
[White "Rouda Essa, Alserkal"]
[Black "Nassr, Lina"]
[Result "1/2-1/2"]
[WhiteElo "1494"]
[BlackElo "1854"]
[PlyCount "61"]
[EventDate "2018.09.24"]
[EventType "team-swiss"]
[EventRounds "11"]
[EventCountry "GEO"]
[SourceTitle "Ajedrez en Madrid"]
[Source "lmi"]
[SourceDate "2018.09.24"]
[WhiteTeam "United Arab Emirates"]
[BlackTeam "Algeria"]
[WhiteTeamCountry "UAE"]
[BlackTeamCountry "ALG"]

1. e4 c5 2. Nf3 e6 3. c3 Nf6 4. e5 Nd5 5. d4 cxd4 6. cxd4 b6 7. Bd3 Bb7 8. a3
Be7 9. O-O O-O 10. Qe2 Nc6 11. Nc3 Nxc3 12. bxc3 d6 13. Qe4 g6 14. exd6 Qxd6
15. Bg5 Bxg5 16. Nxg5 h6 17. Nf3 Kg7 18. Rfe1 Na5 19. Qe2 Bxf3 20. Qxf3 Rac8
21. Ba6 Rc7 22. Re3 Nc4 23. Rd3 Nxa3 24. Qg3 Qxg3 25. hxg3 Nc4 26. Bxc4 Rxc4
27. Rxa7 Rfc8 28. Rf3 R8c7 29. Ra3 b5 30. Rb3 Rb7 31. Kf1 1/2-1/2

[Event "43. Olimpiada Batumi 2018 Femenina"]
[Site "Batumi GEO"]
[Date "2018.09.30"]
[Round "6.1"]
[White "Mona, Khaled"]
[Black "Milovic, Aleksandra"]
[Result "0-1"]
[WhiteElo "2157"]
[BlackElo "2176"]
[PlyCount "74"]
[EventDate "2018.09.24"]
[EventType "team-swiss"]
[EventRounds "11"]
[EventCountry "GEO"]
[SourceTitle "Ajedrez en Madrid"]
[Source "lmi"]
[SourceDate "2018.09.24"]
[WhiteTeam "Egypt"]
[BlackTeam "Montenegro"]
[WhiteTeamCountry "EGY"]
[BlackTeamCountry "MNE"]

1. d4 e6 2. c4 c5 3. d5 Bd6 4. Nc3 Be5 5. Bd2 d6 6. e4 Nf6 7. Qc2 O-O 8. Nce2
exd5 9. cxd5 Re8 10. g3 Nxe4 11. Qxe4 Bxb2 12. Qb1 Qf6 13. Bh3 Bxa1 14. Bxc8
Rxc8 15. Qxb7 Na6 16. Qxa6 c4 17. Bf4 Qf5 18. Qxd6 Rd8 19. Qc5 Rxd5 20. Qa3
Rad8 21. Kf1 g5 22. Be3 Rd3 23. Qe7 Bf6 24. Qxa7 Qe4 25. f3 Qxe3 26. Qxe3 Rxe3
27. Kf2 Ra3 28. Nh3 Rxa2 29. Rc1 c3 30. f4 g4 31. Nhg1 c2 32. Re1 Rd1 33. Nc1
Ra1 34. Re8+ Kg7 35. Nge2 Raxc1 36. Nxc1 Rxc1 37. Rc8 Rh1 0-1

[Event "43. Olimpiada Batumi 2018 Femenina"]
[Site "Batumi GEO"]
[Date "2018.09.30"]
[Round "6.2"]
[White "Stojanovic, Marija R"]
[Black "Wafa, Shrook"]
[Result "0-1"]
[WhiteElo "2113"]
[BlackElo "2136"]
[PlyCount "78"]
[EventDate "2018.09.24"]
[EventType "team-swiss"]
[EventRounds "11"]
[EventCountry "GEO"]
[SourceTitle "Ajedrez en Madrid"]
[Source "lmi"]
[SourceDate "2018.09.24"]
[WhiteTeam "Montenegro"]
[BlackTeam "Egypt"]
[WhiteTeamCountry "MNE"]
[BlackTeamCountry "EGY"]

1. e4 c5 2. Nf3 d6 3. d4 cxd4 4. Nxd4 Nf6 5. Nc3 g6 6. Be3 Bg7 7. h3 O-O 8. Bc4
Nc6 9. Bb3 Bd7 10. O-O a6 11. f4 Rc8 12. Qd3 Qa5 13. Nxc6 Bxc6 14. Rf2 Nd7 15.
Bd4 Nc5 16. Qe3 e5 17. fxe5 Nxb3 18. cxb3 Bxe5 19. Rd1 Rce8 20. Bxe5 Qxe5 21.
Qd4 Bxe4 22. Qxd6 Qxd6 23. Rxd6 f5 24. Rfd2 Rf7 25. Kf2 Kg7 26. b4 Bc6 27. a3
Re5 28. Ne2 Rf6 29. Rd8 Be4 30. Nc3 Rf7 31. Na4 f4 32. Nc5 Bc6 33. R8d6 f3 34.
g3 Rfe7 35. a4 Re2+ 36. Kf1 Re1+ 37. Kf2 R7e2+ 38. Rxe2 Rxe2+ 39. Kf1 Rxb2 0-1

[Event "43. Olimpiada Batumi 2018 Femenina"]
[Site "Batumi GEO"]
[Date "2018.09.30"]
[Round "6.3"]
[White "Wafa, Shahenda"]
[Black "Koljevic, Nikolina"]
[Result "1-0"]
[WhiteElo "2129"]
[BlackElo "1898"]
[PlyCount "73"]
[EventDate "2018.09.24"]
[EventType "team-swiss"]
[EventRounds "11"]
[EventCountry "GEO"]
[SourceTitle "Ajedrez en Madrid"]
[Source "lmi"]
[SourceDate "2018.09.24"]
[WhiteTeam "Egypt"]
[BlackTeam "Montenegro"]
[WhiteTeamCountry "EGY"]
[BlackTeamCountry "MNE"]

1. e4 c5 2. Nf3 Nc6 3. d4 cxd4 4. Nxd4 Nf6 5. Nc3 d6 6. Bg5 e6 7. f4 Qb6 8. Nb3
h6 9. Bxf6 gxf6 10. Qd2 a6 11. O-O-O Bd7 12. Kb1 Qc7 13. Qf2 Be7 14. g3 b5 15.
f5 b4 16. fxe6 fxe6 17. Ne2 e5 18. g4 a5 19. h3 a4 20. Nbc1 Be6 21. Ng3 Nd4 22.
Nf5 Bxf5 23. Rxd4 exd4 24. Qxf5 Ra5 25. Qg6+ Kf8 26. h4 Rc5 27. Rh2 a3 28. Nd3
axb2 29. Rf2 Re5 30. Nxe5 dxe5 31. Bb5 Bd8 32. Rf1 Qf7 33. Qf5 Rh7 34. Ba4 Rg7
35. Bb3 Qg6 36. Qxe5 Bc7 37. Rxf6+ 1-0

[Event "43. Olimpiada Batumi 2018 Femenina"]
[Site "Batumi GEO"]
[Date "2018.09.30"]
[Round "6.4"]
[White "Rakic, Tijana"]
[Black "Moaataz, Ayah"]
[Result "1/2-1/2"]
[WhiteElo "1651"]
[BlackElo "2020"]
[PlyCount "74"]
[EventDate "2018.09.24"]
[EventType "team-swiss"]
[EventRounds "11"]
[EventCountry "GEO"]
[SourceTitle "Ajedrez en Madrid"]
[Source "lmi"]
[SourceDate "2018.09.24"]
[WhiteTeam "Montenegro"]
[BlackTeam "Egypt"]
[WhiteTeamCountry "MNE"]
[BlackTeamCountry "EGY"]

1. e4 c6 2. d4 d5 3. Nc3 dxe4 4. Nxe4 Bf5 5. Ng3 Bg6 6. h4 h6 7. Nf3 Nd7 8. h5
Bh7 9. Bd3 Bxd3 10. Qxd3 Ngf6 11. Bd2 Qc7 12. O-O-O e6 13. Ne4 Nxe4 14. Qxe4
Nf6 15. Qe2 Bd6 16. Kb1 O-O-O 17. c4 c5 18. Bc3 cxd4 19. Bxd4 Bc5 20. Bxc5 Qxc5
21. Ne5 Qc7 22. Rxd8+ Rxd8 23. Rh3 Rd4 24. Re3 Kd8 25. Qf3 Ke8 26. g4 Nh7 27.
Re1 f6 28. Ng6 Qxc4 29. Rc1 Qd3+ 30. Qxd3 Rxd3 31. Rc8+ Rd8 32. Rc7 Rd7 33.
Rc8+ Rd8 34. Rc7 Rd1+ 35. Kc2 Rd7 36. Rc8+ Rd8 37. Rc7 Rd7 1/2-1/2

[Event "43. Olimpiada Batumi 2018 Femenina"]
[Site "Batumi GEO"]
[Date "2018.09.30"]
[Round "6.1"]
[White "Haile, Lidet Abate"]
[Black "Gerasimova, Svetlana"]
[Result "1-0"]
[WhiteElo "1544"]
[BlackElo "1966"]
[PlyCount "109"]
[EventDate "2018.09.24"]
[EventType "team-swiss"]
[EventRounds "11"]
[EventCountry "GEO"]
[SourceTitle "Ajedrez en Madrid"]
[Source "lmi"]
[SourceDate "2018.09.24"]
[WhiteTeam "Ethiopia"]
[BlackTeam "IPCA"]
[WhiteTeamCountry "ETH"]

1. e4 g6 2. Bc4 Bg7 3. Nf3 c6 4. Nc3 b5 5. Bb3 b4 6. Ne2 d5 7. exd5 cxd5 8. d3
Bg4 9. Ng3 e6 10. h3 Bxf3 11. Qxf3 Ne7 12. O-O O-O 13. Rb1 Nbc6 14. Be3 Nd4 15.
Bxd4 Bxd4 16. Ne2 Bg7 17. c3 Nc6 18. Ba4 Ne5 19. Qe3 Qa5 20. Bb3 Qb5 21. Rfd1
a5 22. d4 Nc4 23. Qd3 a4 24. Bxc4 dxc4 25. Qc2 b3 26. axb3 axb3 27. Qe4 Rfe8
28. Ra1 Ra2 29. Rab1 Bh6 30. Ng3 Rea8 31. Qe2 Qd5 32. Ne4 Bg7 33. Nd2 R8a4 34.
Ne4 Kf8 35. Qf3 h6 36. Qe2 Ke7 37. Re1 Ra5 38. Nd2 R2a4 39. Qe4 Qd7 40. Qf3 Rf5
41. Qe3 Kf8 42. Ne4 Qc6 43. Qe2 Ra2 44. Nc5 Qb5 45. Ne4 Rd5 46. Nd2 Ra4 47. Ra1
e5 48. Rxa4 Qxa4 49. Nxc4 exd4 50. Nb6 Qb5 51. Nxd5 d3 52. Qe7+ Kg8 53. Qe8+
Qxe8 54. Rxe8+ Kh7 55. Ne3 1-0

[Event "43. Olimpiada Batumi 2018 Femenina"]
[Site "Batumi GEO"]
[Date "2018.09.30"]
[Round "6.2"]
[White "Aleksandrova, Aleksandra"]
[Black "Eshete, Ruth Leykun"]
[Result "1-0"]
[WhiteElo "1801"]
[BlackElo "1508"]
[PlyCount "55"]
[EventDate "2018.09.24"]
[EventType "team-swiss"]
[EventRounds "11"]
[EventCountry "GEO"]
[SourceTitle "Ajedrez en Madrid"]
[Source "lmi"]
[SourceDate "2018.09.24"]
[WhiteTeam "IPCA"]
[BlackTeam "Ethiopia"]
[BlackTeamCountry "ETH"]

1. d4 d5 2. Nf3 e6 3. Nbd2 Nf6 4. c3 c5 5. e3 Nc6 6. Bd3 cxd4 7. exd4 Bd6 8.
O-O O-O 9. Re1 Re8 10. Ne5 Qc7 11. f4 Nd7 12. Bxh7+ Kf8 13. Qh5 Nf6 14. Qh3 g6
15. Qh6+ Ke7 16. Nxg6+ Kd8 17. Ne5 Rh8 18. Qxf6+ Qe7 19. Qxh8+ Kc7 20. Ndf3 b6
21. Nxc6 Kxc6 22. Ne5+ Kc7 23. Qg7 Bxe5 24. Qxe5+ Kd7 25. Bd3 a6 26. f5 Bb7 27.
fxe6+ fxe6 28. Bf5 1-0

[Event "43. Olimpiada Batumi 2018 Femenina"]
[Site "Batumi GEO"]
[Date "2018.09.30"]
[Round "6.3"]
[White "Gebratsadik, Merhawit Brhane"]
[Black "Kaydanovich, Marina"]
[Result "0-1"]
[WhiteElo "1408"]
[BlackElo "1725"]
[PlyCount "61"]
[EventDate "2018.09.24"]
[EventType "team-swiss"]
[EventRounds "11"]
[EventCountry "GEO"]
[SourceTitle "Ajedrez en Madrid"]
[Source "lmi"]
[SourceDate "2018.09.24"]
[WhiteTeam "Ethiopia"]
[BlackTeam "IPCA"]
[WhiteTeamCountry "ETH"]

1. e4 e5 2. Nf3 Nc6 3. Bc4 Bc5 4. O-O Nf6 5. Nc3 d6 6. h3 O-O 7. d3 Na5 8. Na4
Nxc4 9. Nxc5 Nb6 10. Nb3 a5 11. Bg5 h6 12. Bh4 Qe7 13. a3 Be6 14. Nbd2 g5 15.
Bg3 Nh5 16. Bh2 Ng7 17. Qc1 f5 18. d4 fxe4 19. Nxe4 exd4 20. Nxd4 Bxh3 21. Re1
Bc8 22. Nxd6 Qf6 23. Nxc8 Qxf2+ 24. Kh1 Raxc8 25. c3 Nd5 26. Re2 Qh4 27. Kg1
Nf4 28. Bxf4 Rxf4 29. Ne6 Nxe6 30. Rxe6 Qf2+ 31. Kh1 0-1

[Event "43. Olimpiada Batumi 2018 Femenina"]
[Site "Batumi GEO"]
[Date "2018.09.30"]
[Round "6.4"]
[White "Sovietova, Kateryna"]
[Black "Bantiwalu, Aster Melake"]
[Result "0-1"]
[WhiteElo "1353"]
[BlackElo "1365"]
[PlyCount "76"]
[EventDate "2018.09.24"]
[EventType "team-swiss"]
[EventRounds "11"]
[EventCountry "GEO"]
[SourceTitle "Ajedrez en Madrid"]
[Source "lmi"]
[SourceDate "2018.09.24"]
[WhiteTeam "IPCA"]
[BlackTeam "Ethiopia"]
[BlackTeamCountry "ETH"]

1. d4 d5 2. Bf4 Nf6 3. e3 Nc6 4. Nf3 Bf5 5. a3 h6 6. h3 e6 7. Be2 Be7 8. O-O
Bd6 9. Bxd6 Qxd6 10. c4 O-O 11. Nc3 a6 12. b4 Ne7 13. c5 Qd8 14. Ne5 Qe8 15.
Rc1 Nc6 16. Nxc6 Qxc6 17. b5 Qd7 18. a4 axb5 19. axb5 Ne4 20. Bd3 Qe7 21. Nxe4
dxe4 22. Be2 Rfd8 23. Bg4 Qg5 24. Bxf5 Qxf5 25. f3 Qg5 26. fxe4 Qxe3+ 27. Rf2
Rxd4 28. Qe1 Qxe4 29. Qxe4 Rxe4 30. Kf1 Rb4 31. Rd2 Rxb5 32. Rd7 c6 33. Rc7 Rb2
34. Rd1 f6 35. Kg1 Raa2 36. Kf1 Rxg2 37. Rxb7 Rh2 38. Rbd7 Rh1# 0-1

[Event "43. Olimpiada Batumi 2018 Femenina"]
[Site "Batumi GEO"]
[Date "2018.09.30"]
[Round "6.1"]
[White "Shih, Ching-An"]
[Black "Zsiltzova-Lisenko, Lubov"]
[Result "0-1"]
[WhiteElo "1546"]
[BlackElo "2214"]
[PlyCount "106"]
[EventDate "2018.09.24"]
[EventType "team-swiss"]
[EventRounds "11"]
[EventCountry "GEO"]
[SourceTitle "Ajedrez en Madrid"]
[Source "lmi"]
[SourceDate "2018.09.24"]
[WhiteTeam "Chinese Taipei"]
[BlackTeam "IBCA"]

1. Nf3 Nf6 2. d4 g6 3. c4 Bg7 4. Nc3 d5 5. e3 O-O 6. Be2 dxc4 7. Bxc4 c5 8. O-O
cxd4 9. Nxd4 a6 10. a4 Qc7 11. Be2 Rd8 12. Bd2 e5 13. Nf3 Nc6 14. Qc1 e4 15.
Ne1 Bg4 16. h3 Be6 17. Nc2 Rac8 18. Rd1 Bb3 19. Be1 Qe5 20. Ra3 Be6 21. Qb1 Bf8
22. Ra1 Bd6 23. f4 exf3 24. Bxf3 Qh2+ 25. Kf1 Ne5 26. Nd4 Bc4+ 27. Nce2 Bxe2+
28. Bxe2 Re8 29. Bf2 Qh1+ 30. Bg1 Bc5 31. b4 Ba7 32. Ra3 Nc6 33. Qb2 Nd5 34.
Qd2 Ndxb4 35. Bf3 Rcd8 36. Qb2 a5 37. Rd2 Ne5 38. Be2 Rd6 39. Nf3 Nxf3 40. Bxf3
Rde6 41. Re2 Rxe3 42. Rexe3 Rxe3 43. Rxe3 Bxe3 44. Qc3 Qxg1+ 45. Ke2 Bd4 46.
Qc8+ Kg7 47. Bxb7 Qe3+ 48. Kd1 Qd3+ 49. Ke1 Nc2+ 50. Qxc2 Qxc2 51. Bf3 Be3 52.
h4 Qd2+ 53. Kf1 Qf2# 0-1

[Event "43. Olimpiada Batumi 2018 Femenina"]
[Site "Batumi GEO"]
[Date "2018.09.30"]
[Round "6.2"]
[White "Stolarczyk, Anna"]
[Black "Wong, Linda Jane"]
[Result "1-0"]
[WhiteElo "1984"]
[BlackElo "1378"]
[PlyCount "119"]
[EventDate "2018.09.24"]
[EventType "team-swiss"]
[EventRounds "11"]
[EventCountry "GEO"]
[SourceTitle "Ajedrez en Madrid"]
[Source "lmi"]
[SourceDate "2018.09.24"]
[WhiteTeam "IBCA"]
[BlackTeam "Chinese Taipei"]

1. d4 e6 2. Nf3 d5 3. c4 c5 4. cxd5 exd5 5. Nc3 Nc6 6. dxc5 d4 7. Na4 Bxc5 8.
Nxc5 Qa5+ 9. Bd2 Qxc5 10. e3 dxe3 11. Bxe3 Qa5+ 12. Qd2 Nf6 13. Qxa5 Nxa5 14.
Bc5 Ne4 15. Ba3 f6 16. Bd3 Bf5 17. Nd2 Nxd2 18. Bxf5 Ndc4 19. Bb4 Nc6 20. Bc3
Nd6 21. Bd3 O-O-O 22. O-O-O Kb8 23. Rhe1 Rd7 24. h3 Rc7 25. Re6 Nf7 26. f4 Nb4
27. Bb1 Nd8 28. Red6 Nf7 29. Rd7 Rhc8 30. a3 g5 31. axb4 gxf4 32. Rxc7 Rxc7 33.
Bxh7 a6 34. Kb1 Ng5 35. Bf5 Nf7 36. Rd7 Ne5 37. Rxc7 Kxc7 38. Bxe5+ fxe5 39.
Kc2 Kd6 40. Kd3 b6 41. Bc8 a5 42. bxa5 bxa5 43. Ke4 a4 44. h4 Kc7 45. Be6 Kd6
46. Ba2 f3 47. gxf3 Kc5 48. Kxe5 Kb4 49. h5 a3 50. bxa3+ Kxa3 51. Bg8 Kb4 52.
h6 Kc5 53. h7 Kc6 54. Bd5+ Kc5 55. h8=Q Kb4 56. Qc8 Kb5 57. Qc6+ Kb4 58. Qc4+
Ka5 59. Qb3 Ka6 60. Bc6 1-0

[Event "43. Olimpiada Batumi 2018 Femenina"]
[Site "Batumi GEO"]
[Date "2018.09.30"]
[Round "6.3"]
[White "Wang, Mi"]
[Black "Debowska, Teresa"]
[Result "1-0"]
[WhiteElo "1585"]
[BlackElo "1799"]
[PlyCount "151"]
[EventDate "2018.09.24"]
[EventType "team-swiss"]
[EventRounds "11"]
[EventCountry "GEO"]
[SourceTitle "Ajedrez en Madrid"]
[Source "lmi"]
[SourceDate "2018.09.24"]
[WhiteTeam "Chinese Taipei"]
[BlackTeam "IBCA"]

1. e4 c5 2. Nf3 Nc6 3. d4 cxd4 4. Nxd4 g6 5. f4 Bg7 6. Nf3 d6 7. Bd3 Qb6 8. c3
Nf6 9. Qe2 O-O 10. Be3 Qc7 11. O-O Ng4 12. Kh1 Nxe3 13. Qxe3 Bh6 14. Ng5 Bg7
15. Nd2 h6 16. Nh3 a6 17. a4 Rb8 18. Nb3 Na5 19. Nd4 Nc4 20. Qe2 e5 21. fxe5
Nxe5 22. Nf4 Bg4 23. Qe3 Qd8 24. h3 Bd7 25. Be2 Qh4 26. Qf2 Qg5 27. Nd5 Be6 28.
Nf6+ Kh8 29. Rad1 Rbd8 30. h4 Qxf6 31. Qxf6 Bxf6 32. Rxf6 Bg4 33. Nf3 Be6 34.
Nxe5 dxe5 35. Rff1 Bb3 36. Rxd8 Rxd8 37. Rf6 Be6 38. b4 Rd2 39. Bf1 Kg7 40. Rf3
Rd1 41. Kh2 Re1 42. Bd3 Bg4 43. Rg3 Be6 44. a5 h5 45. Rf3 Bg4 46. Rf1 Re3 47.
Bc4 f6 48. Bd5 Rxc3 49. Bxb7 Be2 50. Re1 Rc2 51. Rb1 Bb5 52. Rd1 Rc7 53. Bd5
Kf8 54. Rd2 Ke7 55. Rf2 Rc3 56. Rf3 Rc2 57. Rg3 Be8 58. Bb7 Rc4 59. Bxa6 Rxb4
60. Ra3 Bc6 61. Bd3 g5 62. hxg5 fxg5 63. a6 Rb8 64. Kg3 Rf8 65. Ra5 Kd6 66. Be2
h4+ 67. Kg4 Rg8 68. Bc4 Bd7+ 69. Kh5 Be8+ 70. Kh6 Rg6+ 71. Kh7 Rf6 72. a7 Bc6
73. Bd5 Bxd5 74. Rxd5+ Ke7 75. a8=Q Rf7+ 76. Kg6 1-0

[Event "43. Olimpiada Batumi 2018 Femenina"]
[Site "Batumi GEO"]
[Date "2018.09.30"]
[Round "6.4"]
[White "Vaishali Nrendra, Salavkar"]
[Black "Cho, Hung-Ling"]
[Result "0-1"]
[WhiteElo "1357"]
[BlackElo "1575"]
[PlyCount "68"]
[EventDate "2018.09.24"]
[EventType "team-swiss"]
[EventRounds "11"]
[EventCountry "GEO"]
[SourceTitle "Ajedrez en Madrid"]
[Source "lmi"]
[SourceDate "2018.09.24"]
[WhiteTeam "IBCA"]
[BlackTeam "Chinese Taipei"]

1. e4 e5 2. Nf3 Nc6 3. Nc3 Nf6 4. d4 exd4 5. Nxd4 Bb4 6. Nxc6 dxc6 7. Qxd8+
Kxd8 8. Bg5 Bxc3+ 9. bxc3 h6 10. Bxf6+ gxf6 11. Be2 Ke7 12. O-O Rd8 13. Rfd1
Be6 14. a3 Rxd1+ 15. Rxd1 f5 16. exf5 Bxf5 17. Bd3 Rd8 18. Kf1 Bg6 19. Ke1 Rd5
20. Bxg6 Re5+ 21. Kd2 fxg6 22. Re1 Rxe1 23. Kxe1 b5 24. f4 c5 25. g4 c4 26. h4
Ke6 27. Kd2 c5 28. Ke3 Kd5 29. f5 gxf5 30. gxf5 Ke5 31. f6 Kxf6 32. Kf4 a5 33.
Ke4 Ke6 34. Kf4 b4 0-1

[Event "43. Olimpiada Batumi 2018 Femenina"]
[Site "Batumi GEO"]
[Date "2018.09.30"]
[Round "6.1"]
[White "Shabanaj, Eglantina"]
[Black "Agrest, Inna"]
[Result "1/2-1/2"]
[WhiteElo "1953"]
[BlackElo "2283"]
[PlyCount "45"]
[EventDate "2018.09.24"]
[EventType "team-swiss"]
[EventRounds "11"]
[EventCountry "GEO"]
[SourceTitle "Ajedrez en Madrid"]
[Source "lmi"]
[SourceDate "2018.09.24"]
[WhiteTeam "Albania"]
[BlackTeam "Sweden"]
[WhiteTeamCountry "ALB"]
[BlackTeamCountry "SWE"]

1. e4 e5 2. Nf3 Nc6 3. Nc3 Nf6 4. Bb5 Nd4 5. Nxd4 exd4 6. e5 dxc3 7. exf6 Qxf6
8. dxc3 Bc5 9. O-O O-O 10. Bd3 d6 11. Qh5 g6 12. Qh6 Re8 13. Bg5 Qg7 14. Qh4
Bd7 15. Bf6 Qf8 16. b4 Bb6 17. Rae1 c6 18. Re7 Rxe7 19. Bxe7 Qg7 20. Bf6 Qf8
21. Be7 Qg7 22. Bf6 Qf8 23. Be7 1/2-1/2